| 000 | 00532nam a22001817a 4500 | ||
|---|---|---|---|
| 999 |
_c5871 _d5871 |
||
| 003 | AR-CdUCM | ||
| 008 | 190313b ||||| |||| 00| 0 spa d | ||
| 040 |
_aMUNICIPALIDAD PROVINCIAL DEL CUSCO _cBIBLIOTECA MUNICIPAL DEL CUSCO |
||
| 082 |
_a869.56 / _bL66 |
||
| 100 |
_aLima Quintana, Hamlet _917336 |
||
| 245 |
_aEl octavo pájaro : _b(poemas) / |
||
| 260 |
_aChile : _bEl sótano de la Salamanca, _c1961. |
||
| 300 |
_a62 páginas ; _c18 cm. |
||
| 505 | _aPoemas. | ||
| 650 |
_aPoemas. _9929 |
||
| 942 |
_2ddc _cLIBROS |
||
| 945 | _awfj | ||